[Event "Titled Tuesday intern op 27th Feb Late"]
[Site "Chess.com INT"]
[Date "2024.02.27"]
[Round "3"]
[White "Grycel, Kamil"]
[Black "Amburgy, Ryan"]
[Result "1-0"]
[WhiteElo "2315"]
[BlackElo "2237"]
[PlyCount "111"]
[EventDate "2024.02.27"]
[EventType "swiss (blitz)"]
[EventRounds "11"]
[EventCountry "USA"]
[SourceTitle "CB10_2024"]
[SourceDate "2024.03.06"]
[SourceVersion "1"]
[SourceVersionDate "2024.03.06"]
[SourceQuality "1"]

1. d4 f5 2. Nf3 Nf6 3. Bf4 g6 4. e3 Bg7 5. h3 b6 6. Be2 Bb7 7. c4 0-0 8. Nc3 d6 9. 0-0 Nbd7 10. Rc1 e6 11. b4 Qe7 12. Bh2 Ne4 13. Qb3 Kh8 14. Rfd1 h6 15. c5 bxc5 16. bxc5 Rfb8 17. cxd6 cxd6 18. Qa3 Ndf6 19. Nb5 Ne8 20. Qa5 Bd5 21. Nc3 Nxc3 22. Rxc3 Rb2 23. Rd2 Rb1+ 24. Bf1 Rab8 25. Rdc2 Kh7 26. Nd2 Rd1 27. Nb3 Qg5 28. Bg3 h5 29. h4 Qe7 30. Rc1 Rxc1 31. Nxc1 Nf6 32. Rc7 Qf8 33. Qxa7 Ne4 34. Rxg7+ Qxg7 35. Qxb8 g5 36. Bxd6 Nxd6 37. Qxd6 gxh4 38. Qe5 Qg6 39. Nd3 Be4 40. Nf4 Qg4 41. Nxe6 h3 42. Qg3 hxg2 43. Bxg2 Bb1 44. Qxg4 fxg4 45. a4 h4 46. a5 Bd3 47. Nf4 Bc4 48. Bb7 g3 49. fxg3 hxg3 50. a6 Bxa6 51. Bxa6 Kh6 52. Kg2 Kg5 53. Kxg3 Kf5 54. Kf3 Kg5 55. Bd3 Kf6 56. Ke4 1-0

[Event "Titled Tuesday intern op 23rd Jan Late"]
[Site "Chess.com INT"]
[Date "2024.01.23"]
[Round "5"]
[White "Amburgy, Ryan"]
[Black "Kramnik, Vladimir"]
[Result "1/2-1/2"]
[WhiteElo "2200"]
[BlackElo "2753"]
[PlyCount "125"]
[EventDate "2024.01.23"]
[EventType "swiss (blitz)"]
[EventRounds "11"]
[EventCountry "USA"]
[SourceTitle "CB05_2024"]
[SourceDate "2024.01.31"]
[SourceVersion "1"]
[SourceVersionDate "2024.01.31"]
[SourceQuality "1"]

1. d4 d5 2. c4 e6 3. Nc3 Nf6 4. Nf3 c6 5. g3 dxc4 6. Bg2 Nbd7 7. 0-0 b5 8. e4 Bb7 9. e5 Nd5 10. Ng5 h6 11. Nge4 Be7 12. Qg4 Kf8 13. Be3 a5 14. Rfd1 Kg8 15. Rac1 Kh7 16. Qe2 Rf8 17. f4 Kg8 18. Nc5 Bxc5 19. dxc5 b4 20. Ne4 Ba6 21. Qf2 Qe7 22. Nd6 c3 23. Bxd5 cxb2 24. Qxb2 exd5 25. Bd4 Rab8 26. Re1 a4 27. f5 a3 28. Qf2 Qg5 29. f6 g6 30. Be3 Qg4 31. Bxh6 b3 32. axb3 Rxb3 33. Rc2 Bd3 34. Ra2 Bb1 35. Ra1 a2 36. Rxa2 Bxa2 37. Qxa2 Rxg3+ 38. hxg3 Qxg3+ 39. Kf1 Qh3+ 40. Qg2 Qxh6 41. e6 fxe6 42. f7+ Kg7 43. Qg4 Nf6 44. Qxe6 Qf4+ 45. Kg2 Qg4+ 46. Qxg4 Nxg4 47. Re7 Nh6 48. Rc7 Nxf7 49. Nxf7 Rxf7 50. Rxc6 Rd7 51. Kf3 Kf7 52. Ke3 d4+ 53. Kd3 Rd5 54. Rc8 g5 55. c6 Ke7 56. Rg8 Kd6 57. Rg6+ Kc7 58. Kc4 Rd6 59. Rxd6 Kxd6 60. Kxd4 Kxc6 61. Ke4 Kb5 62. Kf5 Kc4 63. Kxg5 1/2-1/2

[Event "Titled Tuesday intern op 23rd Jan Late"]
[Site "Chess.com INT"]
[Date "2024.01.23"]
[Round "1"]
[White "Rodrigues, Bruno Morado"]
[Black "Amburgy, Ryan"]
[Result "0-1"]
[WhiteElo "2033"]
[BlackElo "2200"]
[PlyCount "60"]
[EventDate "2024.01.23"]
[EventType "swiss (blitz)"]
[EventRounds "11"]
[EventCountry "USA"]
[SourceTitle "CB05_2024"]
[SourceDate "2024.01.31"]
[SourceVersion "1"]
[SourceVersionDate "2024.01.31"]
[SourceQuality "1"]

1. d4 Nf6 2. Nc3 d5 3. Bg5 Nbd7 4. Qd3 c6 5. f3 e5 6. dxe5 Nxe5 7. Qd4 Ng6 8. e4 Be7 9. 0-0-0 Be6 10. e5 Nd7 11. Bxe7 Nxe7 12. f4 Qb6 13. Qxb6 axb6 14. Nf3 0-0 15. h3 h5 16. Rg1 Ng6 17. g3 Nc5 18. a3 Rfe8 19. Bd3 Nxd3+ 20. cxd3 Bxh3 21. d4 Ne7 22. Rd3 f6 23. Nd1 Bf5 24. Rc3 Be4 25. Nf2 Nf5 26. Rd1 Ra4 27. exf6 gxf6 28. Nxe4 dxe4 29. Nh4 Nxd4 30. f5 Ne2+ 0-1

[Event "Austin AGCA IM"]
[Site "Austin"]
[Date "2024.01.13"]
[Round "5"]
[White "Amburgy, Ryan"]
[Black "Melillo, Lucius"]
[Result "1/2-1/2"]
[WhiteElo "2200"]
[BlackElo "2104"]
[PlyCount "45"]
[EventDate "2024.01.11"]
[EventType "tourn"]
[EventRounds "9"]
[EventCountry "USA"]
[SourceTitle "CB04_2024"]
[SourceDate "2023.10.16"]
[SourceVersion "1"]
[SourceVersionDate "2023.10.16"]
[SourceQuality "1"]

1. d4 Nf6 2. c4 e6 3. Nf3 b6 4. g3 Bb7 5. Bg2 Be7 6. 0-0 0-0 7. Nc3 Ne4 8. Bd2 f5 9. Ne5 d6 10. Nxe4 Bxe4 11. Bxe4 fxe4 12. Ng4 Nc6 13. Bc3 d5 14. Qb3 Bf6 15. Rad1 a5 16. f3 exf3 17. Rxf3 dxc4 18. Qxc4 Qd5 19. Nxf6+ Rxf6 20. Qxd5 exd5 21. Rxf6 gxf6 22. Rf1 Kg7 23. Rf4 1/2-1/2

[Event "Austin AGCA IM"]
[Site "Austin"]
[Date "2024.01.13"]
[Round "4"]
[White "Iinuma, Paul Y"]
[Black "Amburgy, Ryan"]
[Result "1/2-1/2"]
[WhiteElo "2133"]
[BlackElo "2200"]
[PlyCount "70"]
[EventDate "2024.01.11"]
[EventType "tourn"]
[EventRounds "9"]
[EventCountry "USA"]
[SourceTitle "CB04_2024"]
[SourceDate "2023.10.16"]
[SourceVersion "1"]
[SourceVersionDate "2023.10.16"]
[SourceQuality "1"]

1. d4 Nf6 2. c4 e6 3. Nf3 d5 4. Nc3 Bb4 5. Bg5 h6 6. Bxf6 Qxf6 7. Qa4+ Nc6 8. e3 0-0 9. Rc1 a6 10. a3 Bxc3+ 11. Rxc3 Rb8 12. Qc2 Ne7 13. Bd3 Rd8 14. 0-0 b6 15. c5 b5 16. Ne5 Bd7 17. c6 Be8 18. Rc1 Rd6 19. a4 g6 20. Rc5 bxa4 21. Bxa6 Rb4 22. Bb5 Rd8 23. Bxa4 Qf5 24. Qxf5 gxf5 25. b3 Rd6 26. Ra5 f6 27. Ra8 Kf8 28. Nd7+ Kf7 29. Ra7 Nxc6 30. Bxc6 Bxd7 31. Bxd7 Rxd7 32. Rcxc7 Rxc7 33. Rxc7+ Kg6 34. Rc3 f4 35. Kf1 fxe3 1/2-1/2

[Event "Austin AGCA IM"]
[Site "Austin"]
[Date "2024.01.12"]
[Round "3"]
[White "Amburgy, Ryan"]
[Black "Yu, Jiangwei"]
[Result "1/2-1/2"]
[WhiteElo "2200"]
[BlackElo "2357"]
[PlyCount "59"]
[EventDate "2024.01.11"]
[EventType "tourn"]
[EventRounds "9"]
[EventCountry "USA"]
[SourceTitle "CB04_2024"]
[SourceDate "2023.10.16"]
[SourceVersion "1"]
[SourceVersionDate "2023.10.16"]
[SourceQuality "1"]

1. d4 d5 2. c4 c6 3. Nf3 Nf6 4. Nc3 a6 5. e3 Bf5 6. Ne5 Nbd7 7. Qb3 Qc7 8. cxd5 Nxe5 9. dxe5 Nxd5 10. Nxd5 cxd5 11. Bd2 Qxe5 12. Be2 Bd7 13. Bc3 Qc7 14. Qxd5 Bc6 15. Qh5 Bxg2 16. Rg1 Be4 17. Rd1 Bg6 18. Qg4 e6 19. Bf3 Be7 20. Bxg7 Rg8 21. Bc3 Kf8 22. Qg3 Rc8 23. Rc1 f6 24. Qxc7 Rxc7 25. Ke2 Be8 26. Be4 Bb5+ 27. Bd3 Bxd3+ 28. Kxd3 Rxg1 29. Rxg1 Rc5 30. f4 1/2-1/2

[Event "Austin AGCA IM"]
[Site "Austin"]
[Date "2024.01.11"]
[Round "1"]
[White "Amburgy, Ryan"]
[Black "Lee, Megan Shuen Hui"]
[Result "0-1"]
[WhiteElo "2200"]
[BlackElo "2267"]
[PlyCount "94"]
[EventDate "2024.01.11"]
[EventType "tourn"]
[EventRounds "9"]
[EventCountry "USA"]
[SourceTitle "CB04_2024"]
[SourceDate "2023.10.16"]
[SourceVersion "1"]
[SourceVersionDate "2023.10.16"]
[SourceQuality "1"]

1. d4 Nf6 2. c4 e6 3. Nf3 d5 4. Nc3 c6 5. Bg5 Nbd7 6. e3 Qa5 7. Nd2 dxc4 8. Bxf6 Nxf6 9. Nxc4 Qc7 10. Rc1 a6 11. Be2 Be7 12. 0-0 0-0 13. Ne5 Nd7 14. f4 f6 15. Nd3 Rd8 16. Qb3 Nf8 17. Na4 Rb8 18. Bf3 Bd7 19. Nac5 Kh8 20. a3 Bc8 21. Rf2 b6 22. Na4 Bd7 23. Nb4 Bxb4 24. Qxb4 a5 25. Qb3 Qd6 26. Qc3 Ng6 27. g3 e5 28. dxe5 fxe5 29. Rd2 Qe7 30. Qb3 exf4 31. exf4 c5 32. Nc3 Qe3+ 33. Rf2 Qxc1+ 34. Kg2 Qe3 35. Qc2 Qe6 36. Be4 Ne7 37. f5 Qf6 38. g4 Bc6 39. Re2 Rd4 40. h3 Rbd8 41. Kf2 Qh4+ 42. Kg2 Bxe4+ 43. Nxe4 Rd3 44. Nf2 Qg3+ 45. Kf1 R3d7 46. Qc1 Qf3 47. Ke1 Qg2 0-1

[Event "Sunnyvale 1000 GM Winter 01"]
[Site "Sunnyvale"]
[Date "2024.01.06"]
[Round "9"]
[White "Delgado Ramirez, Neuris"]
[Black "Amburgy, Ryan"]
[Result "1-0"]
[WhiteElo "2517"]
[BlackElo "2200"]
[PlyCount "111"]
[EventDate "2024.01.02"]
[EventType "schev"]
[EventRounds "9"]
[EventCountry "USA"]
[SourceTitle "CB02_2024"]
[SourceDate "2024.01.10"]
[SourceVersion "1"]
[SourceVersionDate "2024.01.10"]
[SourceQuality "1"]

1. Nf3 d5 2. g3 g6 3. Bg2 Bg7 4. 0-0 Nf6 5. b3 c5 6. Bb2 Nc6 7. Ne5 Nxe5 8. Bxe5 0-0 9. e3 Bf5 10. Nc3 Ne4 11. Bxg7 Kxg7 12. Ne2 Rc8 13. g4 Be6 14. Nf4 Qd6 15. c4 f5 16. cxd5 Bd7 17. d3 Ng5 18. gxf5 Bxf5 19. Rc1 b5 20. Qd2 Bd7 21. Kh1 e5 22. dxe6 Nxe6 23. Qb2+ Kh6 24. Nxe6 Bxe6 25. f4 Bg4 26. Qf2 Kg7 27. h3 Bd7 28. e4 Qd4 29. Qg3 Kh8 30. Rc2 c4 31. dxc4 bxc4 32. bxc4 Rxc4 33. Rxc4 Qxc4 34. Qa3 Rf7 35. Rd1 Kg7 36. Qb2+ Kh6 37. f5 Qc5 38. f6 Bc6 39. Qd2+ Qg5 40. Qxg5+ Kxg5 41. Rd6 Bb7 42. e5 Kf5 43. e6 Bxg2+ 44. Kxg2 Rxf6 45. e7 Rxd6 46. e8Q a6 47. Qf7+ Ke5 48. Qxh7 Kf6 49. Kf3 Rd5 50. Qh4+ Kg7 51. Qe7+ Kh6 52. Qf8+ Kg5 53. h4+ Kxh4 54. Qh6+ Rh5 55. Qf4+ Kh3 56. Qg3# 1-0

[Event "Sunnyvale 1000 GM Winter 01"]
[Site "Sunnyvale"]
[Date "2024.01.03"]
[Round "2"]
[White "Mosquera Klinger, Miguel Alonso"]
[Black "Amburgy, Ryan"]
[Result "1/2-1/2"]
[WhiteElo "2365"]
[BlackElo "2200"]
[PlyCount "102"]
[EventDate "2024.01.02"]
[EventType "schev"]
[EventRounds "9"]
[EventCountry "USA"]
[SourceTitle "CB02_2024"]
[SourceDate "2024.01.10"]
[SourceVersion "1"]
[SourceVersionDate "2024.01.10"]
[SourceQuality "1"]

1. e4 e5 2. Nf3 Nc6 3. Bb5 a6 4. Ba4 Nf6 5. d4 exd4 6. e5 Ne4 7. 0-0 Be7 8. Nxd4 0-0 9. Re1 Nxd4 10. Qxd4 d5 11. exd6 Nxd6 12. Nc3 Bf6 13. Qd3 Be6 14. Nd5 Bxd5 15. Qxd5 c6 16. Qd1 Qa5 17. c3 Rad8 18. Bb3 Nf5 19. Qe2 g6 20. Bf4 Rd7 21. Rad1 Re7 22. Qc4 Rd8 23. h3 Rxd1 24. Rxd1 Ng7 25. Bd6 Rd7 26. Bb4 Rxd1+ 27. Bxd1 Qe5 28. Qe2 Ne6 29. g3 Qf5 30. Qf3 Qe5 31. Qe2 Qf5 32. Qf3 Qe5 33. Kg2 Bd8 34. Bb3 Bb6 35. h4 Kg7 36. Be7 h5 37. Kf1 Bc5 38. Bxc5 Qxc5 39. Ke2 Qb5+ 40. Qd3 Qe5+ 41. Qe3 Qf5 42. Bxe6 Qb5+ 43. Kf3 fxe6 44. Qxe6 Qxb2 45. Qe7+ Kg8 46. Qe8+ Kg7 47. Qe7+ Kg8 48. Qe8+ Kg7 49. Qe7+ Kg8 50. Qf6 Qxa2 51. Qxg6+ Kf8 1/2-1/2

[Event "Sunnyvale 1000 GM Winter 01"]
[Site "Sunnyvale"]
[Date "2024.01.02"]
[Round "1"]
[White "Amburgy, Ryan"]
[Black "Lou, Yiping"]
[Result "1/2-1/2"]
[WhiteElo "2200"]
[BlackElo "2447"]
[PlyCount "134"]
[EventDate "2024.01.02"]
[EventType "schev"]
[EventRounds "9"]
[EventCountry "USA"]
[SourceTitle "CB02_2024"]
[SourceDate "2024.01.10"]
[SourceVersion "1"]
[SourceVersionDate "2024.01.10"]
[SourceQuality "1"]

1. Nf3 Nf6 2. c4 c5 3. Nc3 e6 4. g3 b6 5. Bg2 Bb7 6. 0-0 Be7 7. d4 cxd4 8. Qxd4 d6 9. Rd1 a6 10. Ng5 Bxg2 11. Kxg2 Nc6 12. Qf4 Qc7 13. b3 0-0 14. Ba3 Rad8 15. Rac1 Ne5 16. Nge4 Ne8 17. Qe3 Ng4 18. Qf4 Ne5 19. Qe3 Qb7 20. f3 b5 21. cxb5 axb5 22. Bb2 Nc7 23. Nf2 h6 24. Kg1 b4 25. Nce4 f6 26. f4 Nf7 27. Qf3 d5 28. Nc5 Bxc5 29. Rxc5 Nd6 30. Rdc1 Ncb5 31. Qd3 Rc8 32. f5 Rxc5 33. Rxc5 Qb6 34. Qc2 Nxf5 35. Rc6 Qe3 36. Qd3 Qxd3 37. Nxd3 Nbd4 38. Bxd4 Nxd4 39. Rb6 Nxe2+ 40. Kf2 Nc3 41. Nxb4 e5 42. a4 Ra8 43. Ke3 d4+ 44. Kd3 Rd8 45. Nc6 Rd7 46. Rb8+ Kh7 47. Kd2 Ne4+ 48. Kd1 d3 49. Rd8 Rc7 50. Nb4 Rb7 51. Nxd3 Rxb3 52. Kc2 Ra3 53. Nb2 Kg6 54. Rd3 Ra1 55. Rd1 Ra3 56. Rd3 Ra1 57. Rd1 Rxd1 58. Nxd1 Kf5 59. a5 Nc5 60. Kc3 Ke6 61. Kc4 Kd6 62. Kb5 e4 63. Ne3 g6 64. Nc4+ Kd5 65. Ne3+ Kd6 66. Nc4+ Kd5 67. Ne3+ Kd6 1/2-1/2

[Event "Chesterfield SPICE Cup op"]
[Site "Chesterfield"]
[Date "2023.12.17"]
[Round "1"]
[White "Amburgy, Ryan"]
[Black "Harsha, Bharathakoti"]
[Result "0-1"]
[WhiteElo "2192"]
[BlackElo "2570"]
[PlyCount "100"]
[EventDate "2023.12.17"]
[EventType "swiss"]
[EventRounds "9"]
[EventCountry "USA"]
[SourceTitle "CB52_2023"]
[SourceDate "2023.12.27"]
[SourceVersion "1"]
[SourceVersionDate "2023.12.27"]
[SourceQuality "1"]

1. Nf3 d5 2. g3 Nd7 3. d4 Nb6 4. Nc3 Nf6 5. Bg2 h6 6. e4 dxe4 7. Ne5 Bf5 8. f3 e3 9. Bxe3 e6 10. Qe2 c6 11. 0-0 Be7 12. Ne4 0-0 13. Rad1 Qc7 14. c4 Bxe4 15. fxe4 c5 16. Ng4 cxd4 17. Bxh6 Nh7 18. Bf4 Qxc4 19. Qxc4 Nxc4 20. b3 Na5 21. Ne5 Nf6 22. Bd2 Nc6 23. Nxc6 bxc6 24. Bg5 Rfd8 25. e5 Nd5 26. Bxd5 Bxg5 27. Bxc6 Rac8 28. Be4 Rc5 29. Rfe1 Kf8 30. Kg2 Rxe5 31. Re2 f5 32. Bd3 Rxe2+ 33. Bxe2 Ke7 34. h4 Be3 35. g4 e5 36. Rf1 d3 37. Bd1 f4 38. g5 e4 39. Kh3 f3 40. Kg4 Rf8 41. b4 f2 42. Bb3 Bd4 43. Bc4 Rc8 44. Ba6 Rc6 45. Bb7 e3 46. b5 e2 47. bxc6 exf1Q 48. c7 Qe2+ 49. Kg3 Be5+ 50. Kh3 f1Q+ 0-1

[Event "Titled Tuesday intern op 24th Oct Late"]
[Site "Chess.com INT"]
[Date "2023.10.24"]
[Round "6"]
[White "Amburgy, Ryan"]
[Black "Bouget, Alexandre"]
[Result "1/2-1/2"]
[WhiteElo "2219"]
[BlackElo "2237"]
[PlyCount "160"]
[EventDate "2023.10.24"]
[EventType "swiss (blitz)"]
[EventRounds "11"]
[EventCountry "USA"]
[SourceTitle "Mega2024 Update 01"]
[Source "Chessbase"]
[SourceDate "2023.11.12"]
[SourceVersion "1"]
[SourceVersionDate "2023.11.12"]
[SourceQuality "1"]

1. d4 d5 2. c4 e5 3. dxe5 Ne7 4. cxd5 Qxd5 5. Qxd5 Nxd5 6. Bd2 Nc6 7. Nc3 Be6 8. Nxd5 Bxd5 9. Nf3 h6 10. a3 g5 11. Bc3 Bg7 12. 0-0-0 0-0-0 13. e3 Bb3 14. Rxd8+ Rxd8 15. Be2 g4 16. Nd4 Nxd4 17. exd4 h5 18. h3 Bh6+ 19. Kb1 c5 20. dxc5 Bd2 21. Bd1 Be6 22. Bxd2 Rxd2 23. hxg4 hxg4 24. f3 g3 25. Rg1 Bf5+ 26. Kc1 Rf2 27. Bb3 Bd3 28. Bxf7 Kd7 29. Bd5 Rc2+ 30. Kd1 Rxb2 31. Re1 Rxg2 32. e6+ Ke7 33. f4 Rf2 34. Bxb7 g2 35. Bxg2 Rxg2 36. Re3 Bb5 37. Re4 Rf2 38. a4 Bc6 39. Rb4 Kxe6 40. Ke1 Ra2 41. Kd1 Rxa4 42. Rb8 Rxf4 43. Kd2 Rc4 44. Kd3 Rxc5 45. Kd4 Rd5+ 46. Kc4 Ra5 47. Rh8 Kd6 48. Rh6+ Kc7 49. Rh7+ Kb6 50. Rh6 Ra4+ 51. Kb3 Rg4 52. Rh3 a5 53. Re3 Rf4 54. Ka3 Kb5 55. Rb3+ Ka6 56. Rc3 Kb6 57. Rb3+ Bb5 58. Re3 Ra4+ 59. Kb3 Rb4+ 60. Ka3 Rc4 61. Rh3 a4 62. Rg3 Ka5 63. Rh3 Rc1 64. Kb2 Rg1 65. Ka3 Ra1+ 66. Kb2 Rf1 67. Ka3 Rf4 68. Rg3 Rb4 69. Rh3 Rc4 70. Rg3 Rc7 71. Rh3 Rb7 72. Rg3 Bc4 73. Rg5+ Bb5 74. Rg3 Rb6 75. Rh3 Rc6 76. Rg3 Rc4 77. Rh3 Rd4 78. Rg3 Bd3 79. Rg5+ Bb5 80. Rg3 Rc4 1/2-1/2

[Event "Titled Tuesday intern op 24th Oct Late"]
[Site "Chess.com INT"]
[Date "2023.10.24"]
[Round "1"]
[White "Amburgy, Ryan"]
[Black "Kleibel, Uwe"]
[Result "1-0"]
[WhiteElo "2219"]
[BlackElo "2304"]
[PlyCount "141"]
[EventDate "2023.10.24"]
[EventType "swiss (blitz)"]
[EventRounds "11"]
[EventCountry "USA"]
[SourceTitle "Mega2024 Update 01"]
[Source "Chessbase"]
[SourceDate "2023.11.12"]
[SourceVersion "1"]
[SourceVersionDate "2023.11.12"]
[SourceQuality "1"]

1. d4 d5 2. c4 e6 3. Nf3 Nf6 4. Nc3 Be7 5. Bf4 0-0 6. e3 b6 7. Bd3 dxc4 8. Bxc4 Ba6 9. Qe2 Bxc4 10. Qxc4 c5 11. Rd1 Qc8 12. d5 exd5 13. Nxd5 Nxd5 14. Rxd5 Nc6 15. 0-0 Nb4 16. Rd2 Bf6 17. Rfd1 Qa6 18. Qxa6 Nxa6 19. Be5 Bxe5 20. Nxe5 Nc7 21. f4 Rfe8 22. Kf2 Ne6 23. Rd7 f6 24. Nc4 Rad8 25. a4 Kf8 26. R1d2 Rxd7 27. Rxd7 Re7 28. Rd6 Ke8 29. g4 Nc7 30. Rd2 Na6 31. Nd6+ Kf8 32. Nf5 Rc7 33. h4 g6 34. Ng3 Ke7 35. h5 Nb4 36. hxg6 hxg6 37. Kf3 Rd7 38. Rh2 Ke6 39. Ne4 Nd3 40. g5 f5 41. Nf6 Rg7 42. Rd2 c4 43. b3 Nc5 44. bxc4 Nxa4 45. e4 fxe4+ 46. Nxe4 Rc7 47. Rd6+ Kf7 48. Rf6+ Kg7 49. Nd6 Re7 50. f5 Nc5 51. Rxg6+ Kh7 52. Rh6+ Kg8 53. f6 Rd7 54. Nf5 Ne6 55. Ne7+ Kf7 56. Rh7+ Kf8 57. Ng6+ Ke8 58. Rxd7 Kxd7 59. Kg4 a5 60. Ne5+ Kd6 61. Nd3 a4 62. g6 a3 63. Nb4 Kc5 64. Na2 Kxc4 65. g7 Kb3 66. g8Q Kxa2 67. Qxe6+ Kb2 68. Qxb6+ Ka2 69. Qa5 Kb2 70. Qxa3+ Kxa3 71. f7 1-0

[Event "Titled Tuesday intern op 26th Sep Late"]
[Site "Chess.com INT"]
[Date "2023.09.26"]
[Round "6"]
[White "Karas, Marek"]
[Black "Amburgy, Ryan"]
[Result "1-0"]
[WhiteElo "2208"]
[BlackElo "2237"]
[PlyCount "103"]
[EventDate "2023.09.26"]
[EventType "swiss (blitz)"]
[EventRounds "11"]
[EventCountry "USA"]
[SourceTitle "EXT 2024"]
[Source "ChessBase"]
[SourceDate "2023.10.10"]
[SourceVersion "1"]
[SourceVersionDate "2023.10.10"]
[SourceQuality "1"]

1. d4 Nf6 2. Nf3 d5 3. c4 e6 4. Nc3 Bb4 5. Qa4+ Nc6 6. e3 0-0 7. Bd2 dxc4 8. Bxc4 Bd6 9. 0-0 e5 10. dxe5 Nxe5 11. Nxe5 Bxe5 12. Rad1 c6 13. Be2 Re8 14. Qh4 Qc7 15. f4 Bd6 16. e4 Bc5+ 17. Kh1 Nxe4 18. Nxe4 Rxe4 19. Bd3 Bf5 20. Bxe4 Bxe4 21. Bc3 Re8 22. Bxg7 Kxg7 23. Qg5+ Kh8 24. Qxc5 f5 25. Qd4+ Kg8 26. Qd7 Re7 27. Qxc7 Rxc7 28. Rd8+ Kf7 29. Rfd1 Bd5 30. a3 Re7 31. b4 a6 32. h3 Re3 33. Kh2 b5 34. R1xd5 cxd5 35. Rxd5 Ke6 36. Rc5 Rxa3 37. g4 fxg4 38. hxg4 Kd6 39. Rh5 Ra4 40. Rxh7 Rxb4 41. Kg3 a5 42. Ra7 a4 43. f5 Rb1 44. Kh4 Kc5 45. f6 Rf1 46. g5 Kb4 47. f7 a3 48. g6 Rh1+ 49. Kg5 Rg1+ 50. Kh6 Rf1 51. Kg7 Kc3 52. Rxa3+ 1-0

[Event "Titled Tuesday intern op 26th Sep Late"]
[Site "Chess.com INT"]
[Date "2023.09.26"]
[Round "1"]
[White "Vaglio Munoz, Jaime"]
[Black "Amburgy, Ryan"]
[Result "0-1"]
[WhiteElo "2174"]
[BlackElo "2237"]
[PlyCount "114"]
[EventDate "2023.09.26"]
[EventType "swiss (blitz)"]
[EventRounds "11"]
[EventCountry "USA"]
[SourceTitle "EXT 2024"]
[Source "ChessBase"]
[SourceDate "2023.10.10"]
[SourceVersion "1"]
[SourceVersionDate "2023.10.10"]
[SourceQuality "1"]

1. Nf3 d5 2. c4 e6 3. b3 Be7 4. Bb2 Bf6 5. Qc1 Bxb2 6. Qxb2 Qf6 7. Qxf6 Nxf6 8. d3 b6 9. Nc3 Bb7 10. g3 Nbd7 11. Bg2 Ke7 12. Rc1 Rac8 13. Nd2 c5 14. 0-0 Rhd8 15. Rfd1 Ba8 16. Nf1 d4 17. Nb5 Bxg2 18. Kxg2 Ne5 19. h3 Nc6 20. a3 a6 21. e4 axb5 22. cxb5 Na5 23. Rb1 Ra8 24. Nd2 Ne8 25. f4 Ra7 26. Kf3 Rda8 27. Rdc1 Nd6 28. b4 Nab7 29. e5 Nxb5 30. bxc5 Nc3 31. Rxb6 Nxc5 32. Nc4 Nxd3 33. Ra1 Nc5 34. Nd6 Nd7 35. Rc6 Rxa3 36. Rxa3 Rxa3 37. Kg4 Ne2 38. Rc8 Rxg3+ 39. Kh4 g5+ 40. fxg5 Nxe5 41. Ne4 Ng6+ 42. Kh5 Rxh3+ 43. Kg4 Rh4+ 44. Kf3 Ng1+ 45. Kf2 Rxe4 46. Rc7+ Kd6 47. Rxf7 Nh3+ 48. Kg3 Nxg5 49. Ra7 d3 50. Ra3 Rd4 51. Kf2 d2 52. Ra6+ Ke5 53. Ra5+ Kf4 54. Ra1 d1R 55. Ra3 Nh3+ 56. Kg2 R4d2+ 57. Kxh3 Rh1# 0-1

[Event "Titled Tuesday intern op 19th Sep Late"]
[Site "Chess.com INT"]
[Date "2023.09.19"]
[Round "8"]
[White "Joie, Sebastien"]
[Black "Amburgy, Ryan"]
[Result "1/2-1/2"]
[WhiteElo "2399"]
[BlackElo "2237"]
[PlyCount "139"]
[EventDate "2023.09.19"]
[EventType "swiss (blitz)"]
[EventRounds "11"]
[EventCountry "USA"]
[SourceTitle "EXT 2024"]
[Source "ChessBase"]
[SourceDate "2023.10.10"]
[SourceVersion "1"]
[SourceVersionDate "2023.10.10"]
[SourceQuality "1"]

1. d4 Nf6 2. c4 e6 3. Nc3 Bb4 4. Qc2 d5 5. cxd5 exd5 6. Bg5 h6 7. Bh4 Nc6 8. e3 g5 9. Bg3 h5 10. Bb5 h4 11. Be5 0-0 12. Nge2 Ne4 13. f3 Nxc3 14. bxc3 Nxe5 15. cxb4 Ng6 16. Bd3 Qd6 17. 0-0 Re8 18. e4 Nf4 19. Nxf4 Qxf4 20. Kh1 Bd7 21. exd5 Qxd4 22. Rad1 Qf4 23. Bc4 Kg7 24. Qc3+ Qf6 25. Qc1 Re7 26. Bb3 Bb5 27. Rf2 Rae8 28. a4 Bd7 29. Rff1 h3 30. Rf2 Qe5 31. Rg1 f6 32. f4 Qe3 33. Rf3 Qxc1 34. Rxc1 hxg2+ 35. Kxg2 Bf5 36. fxg5 Re2+ 37. Kg3 R8e3 38. Rxc7+ Kg6 39. gxf6 Kxf6 40. Rxb7 Kg5 41. h4+ Kg6 42. Rxa7 Rxf3+ 43. Kxf3 Rb2 44. Bc4 Rxb4 45. Bb5 Rd4 46. d6 Rxd6 47. Kf4 Rd4+ 48. Ke5 Re4+ 49. Kd5 Rxh4 50. Ra6+ Kg5 51. Rb6 Rh1 52. Rb8 Ra1 53. Kc5 Kf4 54. Kb6 Be4 55. Rf8+ Ke3 56. Re8 Kd4 57. a5 Rb1 58. Rd8+ Ke5 59. a6 Rg1 60. Re8+ Kd4 61. a7 Rg6+ 62. Ka5 Bg2 63. Rd8+ Kc3 64. Rc8+ Kb2 65. Bd3 Rd6 66. Rc2+ Kb3 67. Rxg2 Rd5+ 68. Bb5 Rd1 69. Ba4+ Ka3 70. Bxd1 1/2-1/2

[Event "Titled Tuesday intern op 19th Sep Late"]
[Site "Chess.com INT"]
[Date "2023.09.19"]
[Round "5"]
[White "Mortazavi, Ali"]
[Black "Amburgy, Ryan"]
[Result "0-1"]
[WhiteElo "2333"]
[BlackElo "2237"]
[PlyCount "104"]
[EventDate "2023.09.19"]
[EventType "swiss (blitz)"]
[EventRounds "11"]
[EventCountry "USA"]
[SourceTitle "EXT 2024"]
[Source "ChessBase"]
[SourceDate "2023.10.10"]
[SourceVersion "1"]
[SourceVersionDate "2023.10.10"]
[SourceQuality "1"]

1. Nf3 d5 2. g3 Nf6 3. Bg2 g6 4. 0-0 Bg7 5. d3 0-0 6. Nbd2 d4 7. Nb3 Nc6 8. Bd2 e5 9. c3 Re8 10. cxd4 exd4 11. Rc1 Nd5 12. Rxc6 bxc6 13. Nfxd4 Bd7 14. Qc1 Rb8 15. Nxc6 Bxc6 16. Qxc6 Nb4 17. Qc4 Qd6 18. a3 Na6 19. Bf4 Be5 20. Bxe5 Rxe5 21. Bf3 Reb5 22. Nd4 Rxb2 23. Nc6 R8b6 24. Kg2 Nc5 25. Rc1 Nd7 26. Nxa7 Ne5 27. Qxc7 Qxc7 28. Rxc7 Nxf3 29. Kxf3 Rf6+ 30. Ke3 Re6+ 31. Kd4 Rbxe2 32. f4 Rxh2 33. Nc6 Ra2 34. Ne5 Rxa3 35. Nxf7 g5 36. Nxg5 Rd6+ 37. Ke4 Raxd3 38. g4 R6d4+ 39. Ke5 Rd5+ 40. Ke4 h6 41. Rc8+ Kg7 42. Ne6+ Kf6 43. f5 Rd1 44. Rc6 Re5+ 45. Kf4 Rf1+ 46. Kg3 Ke7 47. Nd4 Rd5 48. Ne6 Rd3+ 49. Kg2 Re1 50. Nf4 Rd2+ 51. Kg3 Re3+ 52. Kh4 Rh2+ 0-1

[Event "Titled Tuesday intern op 19th Sep Late"]
[Site "Chess.com INT"]
[Date "2023.09.19"]
[Round "2"]
[White "Rees, Ioan"]
[Black "Amburgy, Ryan"]
[Result "1-0"]
[WhiteElo "2289"]
[BlackElo "2237"]
[PlyCount "87"]
[EventDate "2023.09.19"]
[EventType "swiss (blitz)"]
[EventRounds "11"]
[EventCountry "USA"]
[SourceTitle "EXT 2024"]
[Source "ChessBase"]
[SourceDate "2023.10.10"]
[SourceVersion "1"]
[SourceVersionDate "2023.10.10"]
[SourceQuality "1"]

1. d4 Nf6 2. c4 e6 3. Nf3 d5 4. cxd5 exd5 5. Nc3 c6 6. Qc2 g6 7. Bg5 Be7 8. e3 Bf5 9. Bd3 Bxd3 10. Qxd3 0-0 11. Bxf6 Bxf6 12. h4 Nd7 13. h5 Nb6 14. 0-0-0 a5 15. hxg6 fxg6 16. Rh3 Rf7 17. Rdh1 a4 18. Ne5 Bxe5 19. dxe5 Qe7 20. Qxg6+ Kh8 21. f4 Rg8 22. Qc2 Rgg7 23. a3 Nc4 24. Qxa4 Rxg2 25. Qa8+ Rg8 26. Qa7 b6 27. Qxe7 Rxe7 28. b3 Nxa3 29. Kb2 Nb5 30. Nxb5 cxb5 31. Kc3 Rg2 32. Kb4 Rb2 33. Rh6 Rb7 34. e6 Re2 35. R1h3 Kg8 36. f5 Rf2 37. f6 Kf8 38. Kxb5 Rf5 39. Kc6 Ra7 40. Rxh7 Rxh7 41. Rxh7 Rxf6 42. Rf7+ Rxf7 43. exf7 Kxf7 44. Kxd5 1-0